| 000 | 00379nam a2200145Ia 4500 | ||
|---|---|---|---|
| 008 | 230917s9999||||xx |||||||||||||| ||und|| | ||
| 040 |
_e113018 _aMAIN |
||
| 041 | _aEnglish | ||
| 082 | _a005.133 B 469 O | ||
| 100 | _aBhave, M. P. | ||
| 245 | 0 | _aObject - oriented programming with C++ | |
| 260 |
_aNew Delhi _bPearson education _c2005 |
||
| 300 | _aXVI p. ; 483p | ||
| 942 | _cBK | ||
| 999 |
_c135800 _d135800 |
||